书目信息 |
| 题名: |
毛泽东文集
|
|
| 作者: | 中共中央文献研究室 编 | |
| 分册: | 第四卷 | |
| 出版信息: | 北京 人民出版社 1993.12 |
|
| 页数: | 340页 | |
| 开本: | 32开 | |
| 丛书名: | ||
| 单 册: | ||
| 中图分类: | A41 | |
| 科图分类: | ||
| 主题词: | 毛泽东著作--选集 | |
| 电子资源: | ||
| ISBN: | 978-7-01-002360-1 | |
| 000 | 00559nam0 2200181 45 | |
| 001 | 2161418154 | |
| 005 | 20211215170408.17 | |
| 010 | @a978-7-01-002360-1@dCNY22.00 | |
| 100 | @a20000816d1993 km y0chiy0120 ea | |
| 101 | 0 | @achi |
| 200 | 1 | @a毛泽东文集@AMao Ze Dong Wen Ji@h第四卷@f中共中央文献研究室编@FZhong Gong Zhong Yang Wen Xian Yan Jiu Shi Bian |
| 210 | @a北京@c人民出版社@d1993.12 | |
| 215 | @a340页@d32开 | |
| 606 | 0 | @a毛泽东著作@x选集 |
| 690 | @aA41@v3 | |
| 701 | 0 | @a中共中央文献研究室@4编 |
| 801 | @aCN@bPftUser@c20000816 | |
| 905 | @aZUCC@dA41@eZ547:4 | |
| 毛泽东文集.第四卷/中共中央文献研究室编.-北京:人民出版社,1993.12 |
| 340页;32开 |
| ISBN 978-7-01-002360-1:CNY22.00 |
| ● |
| 相关链接 |
|
|
|
正题名:毛泽东文集
索取号:A41/Z547:4
 
预约/预借
| 序号 | 登录号 | 条形码 | 馆藏地/架位号 | 状态 | 备注 |
| 1 | 1507211 | 215072114 | 马克思主义学院资料室/ [索取号:A41/Z547:4] | 在馆 | |
| 2 | 1507212 | 215072123 | 马克思主义学院资料室/ [索取号:A41/Z547:4] | 在馆 | |
| 3 | 1507213 | 215072132 | 马克思主义学院资料室/ [索取号:A41/Z547:4] | 在馆 |